00281nam a2200121Ia 45000030006000000080041000060400015000471000034000622450025000962600009001215460012001300050017001420STCL150530s9999 xx 000 0 und d aSTCLcSTCL aRadcliffe, A; Freeman; Editor aMysteries of Udolpho c1931 aEnglish20220125171045.0